Introduction to stochastic processes
Guardat en:
| Autor principal: | |
|---|---|
| Format: | Llibre |
| Idioma: | anglès |
| Publicat: |
Nueva York
Chapman & Hall
1995
|
| Col·lecció: | Chapman and Hall Probability Series
|
| Matèries: | |
| Etiquetes: |
Afegir etiqueta
Sense etiquetes, Sigues el primer a etiquetar aquest registre!
|
MARC
| LEADER | 00000nam a2200000 a 4500 | ||
|---|---|---|---|
| 001 | UCU9558 | ||
| 003 | CL-VaPUC | ||
| 008 | 960823e19950000US |||||||||||||||||eng|d | ||
| 082 | 0 | 4 | |a 519.2 |b LAW |2 21 |
| 100 | 0 | |a Lawler, Gregory F |e author |9 368767 | |
| 245 | 1 | 0 | |a Introduction to stochastic processes |
| 300 | |a 176 p | ||
| 942 | |c BK | ||
| 945 | |d 19960823 00:00:00 |a nastorga | ||
| 260 | |a Nueva York |b Chapman & Hall |c 1995 | ||
| 650 | 0 | |a Ecuaciones diferenciales |9 260083 | |
| 650 | 0 | |a Cálculo diferencial |9 260102 | |
| 650 | 0 | |a Teoría de probabilidades |9 336944 | |
| 650 | 0 | |a Estadísticas matemáticas |9 335044 | |
| 650 | 7 | |a DISTRIBUCIONES ESTADISTICAS |2 CL-VaPUC |9 339648 | |
| 583 | |a last modification |c 19960823 00:00:00 |k Rodrigo Vera | ||
| 490 | 0 | |a Chapman and Hall Probability Series | |
| 999 | |c 251273 |d 251271 | ||
| 952 | |0 0 |1 0 |4 0 |6 519_200000000000000_LAW_1995 |7 0 |8 A |9 270323 |a BIBGIM |b BIBGIM |d 2019-11-19 |i 3222306 |o 519.2 LAW 1995 |p 3222306 |r 2025-01-15 |w 2019-11-19 |y BK |k EST | ||